| 000 | 00502nam a22001697a 4500 | ||
|---|---|---|---|
| 999 |
_c525624 _d525624 |
||
| 003 | NUST | ||
| 038 | _awaseem | ||
| 082 |
_a891.491092 _bZAF |
||
| 100 |
_aZafar Khan Baber _916545 |
||
| 245 |
_aDr. Naveed Shahzad Ki Adbi Khidmat / _cZafar Khan Baber |
||
| 260 |
_aLahore : _bMaqsood Publishers, _c2008. |
||
| 300 | _a208 p. ; | ||
| 500 | _aHardcover. | ||
| 880 |
_6100-01\r _aظفر خان بابر |
||
| 880 |
_6245-02\r _aڈالٹر نوید شہزاد کی ادبی خدمات / |
||
| 942 |
_2ddc _cBK |
||